000 00917nam a22003017a 4500
003 CHAP
005 20220329134553.0
008 971013s1957 r 00010 d
010 _a22374
011 _a23346
035 _a27442
040 _cCHAP
082 _a573
_bC6
100 0 0 _aComas, Juan.
_925540
245 _aManual de antropología física
260 _aMéxico :
_bFondo de Cultura Económica,
_c1957
300 _a698 p.
_b: ilus.
490 _aSección de obras de antropología
590 _aBATCH-UPD
_b10
_c20130110
_lUCH01
_h1614
590 _aBATCH-UPD
_b10
_c20130410
_lUCH01
_h1009
590 _aBATCH-UPD
_b10
_c20130914
_lUCH01
_h1012
590 _aCONVERSION
_b10
_c20130109
_lUCH01
_h1313
650 1 4 _aAntropologia.
_96133
830 0 _aSección de obras de antropología
_9103500
901 _aBK
942 _cLIBRO
949 _a573 C6
_bBC
_cLIBRO
_d33724000477352
_eLIBRO
_h29407
_i27442
_si
999 _c22374
_d22374